Factibilidad de implementación del uso de biodigestores en Centros Educativos típicos de zonas rurales

Đã lưu trong:
Chi tiết về thư mục
Tác giả chính: Víquez Zamora, Brandon, 1998-
Tác giả khác: Cruz Zúñiga, Nidia, 1978- Directora del TFG
Định dạng: Sách
Ngôn ngữ:Spanish
Được phát hành: 2023
Những chủ đề:
Các nhãn: Thêm thẻ
Không có thẻ, Là người đầu tiên thẻ bản ghi này!

MARC

LEADER 00000nam a2200000Ia 4500
003 013697
005 20230719150437.0
008 140114s2023 cr a 000 ||spa d
040 |c cru CEDI  
100 |a  Víquez Zamora, Brandon, 1998-  |9 978 
245 2 |a Factibilidad de implementación del uso de biodigestores en Centros Educativos típicos de zonas rurales 
260 |c 2023 
500 |a Proyecto de graduación (licenciatura en ingeniería civil)--Universidad de Costa Rica. Facultad de Ingeniería. Escuela de Ingeniería Civil 
501 |a Directora de Proyecto de Graduación: Ing. Nidia Cruz Zúñiga 
650 |x BIODIGESTORES   |x TRATAMIENTO DE RESIDUOS - ASPECTOS AMBIENTALES - COSTA RICA  |x DIGESTION ANAEROBIA  |x BIODIGESTORES - DISEÑO Y CONSTRUCCION - ANALISIS DE COSTOS  |x ESCUELAS RURALES - COSTA RICA 
700 |9 223  |a Cruz Zúñiga, Nidia, 1978-  |d Directora del TFG 
942 |c CEDI  |h TFG 8848  |6 TFG_8848_000000000000000 
999 |c 11901  |d 11901